1706 1631 1097 1299 1145 1977 1194 1582 1811 1844 1952 1871 1184 1649 1756 1357 1508 1678 1461 1601 1985 1391 1770 1184 1805 1676 1832 1377 1757 1493 1156 1975 1838 1269 1629 1906 1447 1792 1270 1797 1003 1832 1017 1850 1235 1287 1193 1055 1914 1330 1194 1155 1533 1859 1923 1878 1126 1762 1917 1919 1955 1543 1467 1179 1923 1924 1746 1759 1025 1080 1272 1876 1667 1543 1249 1736 1667 1352 1878 1515 1041 1918 1517 1066 1294 1491 1105 1967 1003 1355 1972 1457 1369 1773 1341 1046 1726 1170 1641 BCNSPRNW ULIB Ver.6.0+V

เปลี่ยนเป็นภาษาไทย

Change to English
 แสดงรายละเอียดบรรณานุกรม
  กลับหน้าหลัก

Brief Record : Get Marc (ISO 2709) : E-mail record : QR code < ปิดหน้าต่าง
LEADER : 00000nam 2200000uu 4500
001    13399114206
003     ULIB
008    020711s2552 th a 000 0 tha d
020    ^a9747656411
050    ^aAC158^bส855อ
100    ^aสุรศิดิ์ กาญจนภูษิต
245    ^aอักลี่ ตุ๊กกี้ /^cสุรศิดิ์ กาญจนภูษิต
250    ^aพิมพ์ครั้งที่ 8
260    ^aกรุงเทพฯ :^bเวิร์คพอยท์ พับลิชชิ่ง,^c2552
300    ^a156 หน้า
945    ^p125^l0^i026867
รายการนี้ยังไม่มีแท็ก
คุณยังไม่ได้ล็อกอิน คุณสามารถมีกิจกรรมร่วมกับเว็บไซต์ได้ แต่ต้องล็อกอินก่อน ::
  ล็อกอิน

รายการสื่อสารสนเทศ

ลำดับที่ ประเภท เลขเรียก/บาร์โค้ด สถานที่ สถานะ
- ไม่พบข้อมูล -

BibComment


ยังไม่เคยถูกคอมเมนท์

คอมเมนท์ทรัพยากรรายการนี้
  คอมเมนท์: อักลี่ ตุ๊กกี้ ..


 Copyright 2026. Bcnsprnw @Library